[Event "British Chess Championships 2023: U10 Championship"]
[Site "De Montfort University, 20 Western Boulevard, Leicester, LE2 7BU"]
[Date "2023.07.28"]
[Round "6"]
[Board "1"]
[White "Zhao, George"]
[Black "Veselow, Zoe"]
[Result "1/2-1/2"]
[WhiteElo "1907"]
[BlackElo "1720"]
[PlyCount "0"]
[EventDate "2023.07.25"]
[EventRounds "7"]
[EventCountry "ENG"]

1. d4 Nf6 2. Nf3 d5 3. g3 c5 4. Bg2 cxd4 5. O-O Nc6 6. Nxd4 e5 7. Nxc6 bxc6 8. c4
Be7 9. Nc3 Be6 10. Qa4 Qd7 11. Rd1 Rd8 12. Bg5 Ng8 13. Be3 Nf6 14. Bxa7 Ra8 15. cxd5
Bf5 16. d6 Rxa7 17. dxe7 Rxa4 18. Rxd7 Bxd7 19. Nxa4 Kxe7 20. Nc5 Rb8 21. b3 Rb5
22. Rc1 Rb6 23. a4 Nd5 24. a5 Rb5 25. a6 Ra5 26. e4 Nb4 27. Bf1 Bc8 28. Nb7 Ra3 29.
Nc5 Nxa6 30. Nd3 Kd6 31. Rd1 f6 32. b4 Kc7 33. Rc1 Rb3  1/2-1/2

[Event "British Chess Championships 2023: U10 Championship"]
[Site "De Montfort University, 20 Western Boulevard, Leicester, LE2 7BU"]
[Date "2023.07.28"]
[Round "6"]
[Board "2"]
[White "Keshari, Krish"]
[Black "Sasikumar, Srivathsan"]
[Result "0-1"]
[WhiteElo "1623"]
[BlackElo "1792"]
[PlyCount "0"]
[EventDate "2023.07.25"]
[EventRounds "7"]
[EventCountry "ENG"]

1. e4 c5 2. Nf3 Nc6 3. Nc3 g6 4. d4 cxd4 5. Nxd4 Bg7 6. Be3 Nf6 7. Bc4 O-O 8. Bb3
d6 9. f3 a6 10. Qd2 e6 11. O-O-O d5 12. Qe1 Qd6 13. Nde2 Qe7 14. Qf2 Re8 15. Bc5
Qc7 16. h4 dxe4 17. fxe4 b5 18. Nd4 Ne5 19. Nde2 Neg4 20. Qg1 Bb7 21. Bd6 Qc6 22.
Ng3 Rad8 23. Qc5 Bh6+ 24. Kb1 Be3 25. Qxc6 Bxc6 26. e5 Nd7 27. Nce4 Kg7 28. Bc7 Rc8
29. Nd6 Nf2 30. Nxe8+ Rxe8 31. Rd6 Nxh1 32. Nxh1 Bxg2 33. Ng3 Nc5 34. Bb6 Rc8 35.
Bxc5 Rxc5 36. Rxa6 Rxe5 37. a4 Bf4 38. axb5 Bxg3 39. b6 Rb5 40. Bc4 Rb4 41. b3 Bf2
42. c3 Rxb6 43. Ra2 Be4+ 44. Kc1 Bxh4 45. Kb2 Bf6  0-1

[Event "British Chess Championships 2023: U10 Championship"]
[Site "De Montfort University, 20 Western Boulevard, Leicester, LE2 7BU"]
[Date "2023.07.28"]
[Round "6"]
[Board "3"]
[White "Shankar, Yashwardhan"]
[Black "Zhang, Junyi"]
[Result "1/2-1/2"]
[WhiteElo "817"]
[BlackElo "1686"]
[PlyCount "0"]
[EventDate "2023.07.25"]
[EventRounds "7"]
[EventCountry "ENG"]

1. d4 Nf6 2. Bf4 e6 3. e3 b6 4. Nf3 Bb7 5. Be2 Be7 6. c4 Bb4+ 7. Nc3 Ne4 8. Rc1 O-O
9. O-O Bxc3 10. bxc3 f5 11. h4 d6 12. Ng5 Qe7 13. Bf3 h6 14. Nxe4 fxe4 15. Bg4 Nd7
16. Bg3 Nf6 17. Bh3 Rad8 18. Qb3 Nd7 19. c5 Bd5 20. cxd6 cxd6 21. c4 Ba8 22. d5 Nc5
23. Bxe6+ Nxe6 24. dxe6 Qxe6 25. Rfd1 Rf5 26. Rd2 Rc5 27. Rcd1 d5 28. Rd4 Kh7 29.
Qc3 Rdc8 30. cxd5 Bxd5 31. Qb2 Ra5 32. a3 Rc4 33. Rxc4 Bxc4 34. Rd6 Qe7 35. Rc6 Rc5
36. Bd6 Qd7 37. Rxc5 bxc5 38. Bxc5 Qd1+ 39. Kh2 Qg4 40. Bxa7 Bf1 41. f3 Qxh4+ 42.
Kg1 Bd3 43. Qf2 Qe7 44. Bd4 Qxa3 45. Qg3 Qf8 46. f4 Qf7 47. f5 Bc2 48. Qf4 Bd3 49.
Qe5 Bc2 50. g4 Bd3 51. Qf4 Qe7 52. f6 gxf6 53. Qf5+ Kg8 54. Bxf6 Qf7 55. g5 hxg5
56. Qxg5+ Kf8 57. Qc5+ Kg8 58. Qc8+ Kh7 59. Qh3+ Kg6 60. Bd4 Qf5 61. Qxf5+ Kxf5 62.
Kf2 Kg4  1/2-1/2

[Event "British Chess Championships 2023: U10 Championship"]
[Site "De Montfort University, 20 Western Boulevard, Leicester, LE2 7BU"]
[Date "2023.07.28"]
[Round "6"]
[Board "4"]
[White "Pitel, Benedikt"]
[Black "Kryshtafor, Maksym"]
[Result "0-1"]
[WhiteElo "1817"]
[BlackElo "1858"]
[PlyCount "0"]
[EventDate "2023.07.25"]
[EventRounds "7"]
[EventCountry "ENG"]

1. e4 e5 2. Nf3 Nc6 3. d4 exd4 4. Nxd4 Bc5 5. Be3 Nxd4 6. Bxd4 Bxd4 7. Qxd4 Qf6 8.
c3 Qxd4 9. cxd4 d6 10. Nc3 Bd7 11. Be2 O-O-O 12. O-O Ne7 13. Rac1 a6 14. Rfd1 Rhe8
15. Bf3 c6 16. b4 Kb8 17. a4 f5 18. d5 fxe4 19. Bxe4 Nxd5 20. Bxd5 cxd5 21. Rxd5
Rc8 22. a5 Rxc3 23. Rcd1 Ba4 24. Rb1 Rb3 25. Rc1 Rxb4 26. Rxd6 Bc2 27. h3 Rb1 28.
Rxb1 Bxb1 29. Rd7 Re5 30. Rxg7 Rxa5 31. Rg8+ Ka7 32. g4 Bg6 33. f4 Be4 34. Re8 Bc6
35. Re7 h5 36. Kh2 h4 37. f5 Ra2+ 38. Kg1 Rg2+ 39. Kf1 Rg3 40. Rf7 Rxh3 41. Rh7 Rf3+
42. Ke2 Rf4 43. Rxh4 Bf3+ 44. Ke3 Rxg4 45. Rh7 Be4 46. Rf7 a5 47. f6 Bd5 48. Rd7
Ba2 49. f7 Bxf7 50. Rxf7 Ka6 51. Kd3 b6 52. Kc3 Kb5 53. Rf6 Rc4+ 54. Kb3 a4+ 55.
Ka3 Rc3+ 56. Kb2 Rb3+ 57. Ka2 Ka5 58. Rh6 b5 59. Rh5 Rg3 60. Kb2 a3+ 61. Ka2 Ka4
62. Rh8 Rg2+ 63. Ka1 b4 64. Rh4 Kb3 65. Rh3+ Kc2 66. Rf3 b3 67. Rf2+ Kc1 68. Rf1
Kd2 69. Rh1 Re2 70. Rc1 b2+ 71. Ka2 bxc1=N+ 72. Kxa3 Re4 73. Kb2 Ra4 74. Kb1  0-1

[Event "British Chess Championships 2023: U10 Championship"]
[Site "De Montfort University, 20 Western Boulevard, Leicester, LE2 7BU"]
[Date "2023.07.28"]
[Round "6"]
[Board "5"]
[White "Mittal, Advik"]
[Black "Shivakumar, Akshath"]
[Result "1/2-1/2"]
[WhiteElo "1544"]
[BlackElo "1664"]
[PlyCount "0"]
[EventDate "2023.07.25"]
[EventRounds "7"]
[EventCountry "ENG"]

1. d4 e6 2. Bf4 f5 3. Nf3 Nf6 4. e3 d5 5. Bd3 Bd6 6. Bg3 Nc6 7. Ne5 Bxe5 8. dxe5
Ng4 9. Bb5 Bd7 10. Bxc6 Bxc6 11. h3 Nh6 12. O-O Qe7 13. Nd2 O-O-O 14. Nb3 Nf7 15.
Nd4 Bd7 16. a4 g5 17. c3 h5 18. f4 h4 19. Bh2 Rhg8 20. Kf2 g4 21. Ke1 gxh3 22. gxh3
Rg2 23. Rf2 Rdg8 24. Qe2 Rxh2 25. Rxh2 Rg1+ 26. Kf2 Rxa1 27. b3 Qa3 28. Nc2 Qb2 29.
Nxa1 Qxa1 30. Qc2  1/2-1/2

[Event "British Chess Championships 2023: U10 Championship"]
[Site "De Montfort University, 20 Western Boulevard, Leicester, LE2 7BU"]
[Date "2023.07.28"]
[Round "6"]
[Board "6"]
[White "Railwani, Tavish"]
[Black "Katukuri, Aarav"]
[Result "1/2-1/2"]
[WhiteElo "1636"]
[BlackElo "1485"]
[PlyCount "0"]
[EventDate "2023.07.25"]
[EventRounds "7"]
[EventCountry "ENG"]

1. e4 c5 2. Nf3 g6 3. d4 cxd4 4. Nxd4 Bg7 5. Be3 Nc6 6. Nc3 d6 7. Be2 Nf6 8. O-O
O-O 9. f4 Bd7 10. Nb3 a6 11. a4 Qc8 12. Qe1 Bg4 13. a5 Nb4 14. Rc1 Bxe2 15. Qxe2
Qg4 16. Qd2 Qe6 17. f5 Qd7 18. Ra1 Nc6 19. Na4 Rad8 20. Nb6 Qc7 21. Nd5 Nxd5 22.
Qxd5 Nb4 23. Qd2 Qc4 24. Ra4 Qxc2 25. Rxb4 Qxb2 26. Qxb2 Bxb2 27. Bh6 Bg7 28. Bxg7
Kxg7 29. Rxb7 Rb8 30. Rxb8 Rxb8 31. Rb1 Rb4 32. Nd2 Ra4 33. Rb7 gxf5 34. exf5 Rxa5
35. Rxe7 Rxf5 36. Rd7 d5 37. Ra7 Rf6 38. Nb3 Rd6 39. Nc5 Rc6 40. Nxa6 Rc1+ 41. Kf2
Ra1 42. Ra8 Ra2+ 43. Kg3 Ra3+ 44. Kg4 Ra2 45. Kh3 d4 46. Rd8 Rxa6 47. Rxd4 Ra3+ 48.
g3 h5 49. Kh4 Ra2 50. h3 Ra5 51. Rf4 Kg6 52. g4 hxg4 53. hxg4 Rg5 54. Rd4 Ra5 55.
Rd6+ f6 56. Rd8 Kg7 57. Rd2 Re5 58. Rf2 Rd5 59. Kg3 Kg6 60. Kh4 Ra5 61. Rf4 Rb5 62.
Rc4 Ra5 63. Rc8 Kf7 64. Kg3 Ra3+ 65. Kf4 Ra4+ 66. Kf3 Ra3+ 67. Kg2 Ra4 68. Kh3 Ra3+
69. Kh4 Ra5 70. Rc7+ Kg6 71. Rc6 Rb5 72. Rc3 Ra5 73. Kg3 Kg5 74. Rb3 Ra4 75. Rb5+
Kg6 76. Kh4 Rc4 77. Rf5 Ra4 78. Kg3 Ra3+ 79. Rf3 Ra5 80. Kh4 Ra4 81. Rc3 Rb4 82.
Rc7 Ra4 83. Rc8 Kg7 84. Re8 Ra5 85. Kg3 Kf7 86. Re4 Kg6 87. Kf4 Ra1 88. Kg3 Ra3+
89. Kh4 Rb3 90. Rf4 Rb1 91. Rf3 Rh1+ 92. Rh3 Rc1 93. Rf3 Rc4 94. Rf5 Ra4 95. Rb5
Ra1 96. Rb3 Rh1+ 97. Rh3 Rf1 98. Re3 Rf4 99. Kg3 Kg5 100. Kh3 Rxg4 101. Rg3 f5 102.
Rxg4+ fxg4+ 103. Kg3 Kf5 104. Kg2 Kf4 105. Kf2 Ke4 106. Kg3 Kf5 107. Kg2 Kg6 108.
Kg3 Kg5 109. Kg2 Kh4 110. Kh2 Kg5 111. Kg3 Kh5 112. Kg2 Kg6 113. Kg3 Kg5 114. Kg2
Kf6 115. Kg3 Kf5 116. Kg2 Kf4 117. Kf2 Kg5 118. Kg3 Kh5 119. Kg2 Kh4 120. Kh2 g3+
121. Kg2 Kg4 122. Kg1 Kf3 123. Kf1 Kf4 124. Kg2 Kg4 125. Kg1 Kh3 126. Kh1 Kh4 127.
Kg2 Kg4 128. Kg1 Kf3 129. Kf1 Ke3 130. Kg2 Kf4 131. Kg1 Kf3 132. Kf1 g2+ 133. Kg1
Kg4 134. Kxg2  1/2-1/2

[Event "British Chess Championships 2023: U10 Championship"]
[Site "De Montfort University, 20 Western Boulevard, Leicester, LE2 7BU"]
[Date "2023.07.28"]
[Round "6"]
[Board "7"]
[White "Kairat, Alexander"]
[Black "Ba, Amy"]
[Result "1/2-1/2"]
[WhiteElo "1619"]
[BlackElo "1403"]
[PlyCount "0"]
[EventDate "2023.07.25"]
[EventRounds "7"]
[EventCountry "ENG"]

1. e4 e6 2. d4 d5 3. Nc3 Nf6 4. e5 Nfd7 5. f4 c5 6. Nf3 Nc6 7. Be3 Qb6 8. a3 cxd4
9. Nxd4 Bc5 10. Na4 Qa5+ 11. c3 Bxd4 12. Bxd4 Nxd4 13. Qxd4 O-O 14. Qb4 Qxb4 15.
axb4 b6 16. b3 Bb7 17. Bb5 Rfd8 18. O-O Rac8 19. Rac1 Bc6 20. Ba6 Rb8 21. c4 Nf8
22. Nb2 b5 23. Bxb5 Bxb5 24. cxb5 Rxb5 25. Nd3 Rb7 26. Rc6 h6 27. Kf2 Rdd7 28. Nc5
Rdc7 29. Rxc7 Rxc7 30. Ra1 Nd7 31. Nxd7 Rxd7 32. b5 Rb7 33. Ra5 g6 34. Ke3 Rc7 35.
Kd4 g5 36. g3 Kg7 37. Ra6 gxf4 38. gxf4 Kg6 39. Rc6 Rb7 40. Rc5 Kf5 41. Ke3 h5 42.
h3 d4+ 43. Kxd4 Kxf4 44. b4 Kg3 45. Rc3+ Kh4 46. Rf3 Rxb5 47. Rxf7 Rxb4+ 48. Kc5
Ra4 49. Rf3 Ra5+ 50. Kd6 Ra6+ 51. Ke7 Kg5 52. Rf6 Rb6 53. Rxe6 Rb7+ 54. Kd6 Rb6+
55. Kd7 Rxe6 56. Kxe6 a5 57. h4+ Kxh4 58. Kf5 a4 59. e6 a3 60. e7 a2 61. e8=Q a1=Q
62. Qe4+ Kg3 63. Qe3+ Kg2 64. Qe4+ Kg3 65. Qf4+ Kg2 66. Qg5+ Kf2 67. Qh4+ Kg2 68.
Qe4+ Kf2 69. Qh4+ Kg2 70. Qxh5 Qa5+ 71. Kg4 Qxh5+ 72. Kxh5  1/2-1/2

[Event "British Chess Championships 2023: U10 Championship"]
[Site "De Montfort University, 20 Western Boulevard, Leicester, LE2 7BU"]
[Date "2023.07.28"]
[Round "6"]
[Board "8"]
[White "Zhang, Lionel"]
[Black "Helsby, Matthew"]
[Result "1-0"]
[WhiteElo "1475"]
[BlackElo "1316"]
[PlyCount "0"]
[EventDate "2023.07.25"]
[EventRounds "7"]
[EventCountry "ENG"]

1. e4 c6 2. d4 d5 3. exd5 cxd5 4. Bd3 Nc6 5. c3 Nf6 6. h3 e6 7. Nf3 Bd6 8. O-O O-O
9. Re1 Re8 10. Bg5 h6 11. Bd2 Qc7 12. Qc2 e5 13. dxe5 Nxe5 14. Nxe5 Rxe5 15. Rxe5
Bxe5 16. Na3 a6 17. Re1 Bd6 18. Nb1 Be6 19. Be3 Bc5 20. Qe2 Bxe3 21. Qxe3 Re8 22.
Na3 Bd7 23. Qd2 Rxe1+ 24. Qxe1 Be6 25. Qe3 Nd7 26. Nc2 Qb6 27. Qxb6 Nxb6 28. b3 Kf8
29. Kf1 Ke7 30. Ke2 Kd6 31. Nd4 Nd7 32. Nxe6 Kxe6 33. c4 f6 34. Ke3 dxc4 35. Bxc4+
Kd6 36. Kd4 Ne5 37. Bd5 b5 38. Bb7 a5 39. Ba6 b4 40. Bc4 Nc6+ 41. Ke4 Ne7 42. Bf7
Kc5 43. Bc4 Kd6 44. Kd4 Nc6+ 45. Ke4 Ne7 46. f3 Kc5 47. Be6 Kd6 48. Bf7 Kc5 49. f4
Kd6 50. g4 Kc5 51. Kd3 Nc6 52. Be8 Ne7 53. Bf7 Nc6 54. Bg6 Ne7 55. Be4 Nc8 56. Bf5
Ne7 57. Be4 Nc8 58. h4 Ne7 59. h5 Nc8 60. Bg6 Ne7 61. Bf7 Nc8 62. Be8 Ne7 63. Bf7
Nc8 64. Be6 Ne7 65. Ke4 Nc6 66. Bc4 Ne7 67. Be6 Nc6 68. Bf7 Ne7 69. Bc4 Nc6 70. Kf5
Kd6 71. Kg6 Ke7 72. Kxg7 Nd4 73. Kxh6 Nf3 74. Kg7 Nh4 75. h6 f5 76. g5 a4 77. h7
axb3 78. axb3 Ng6 79. Kxg6 Kd6 80. h8=Q Kc5 81. Qe5+  1-0

[Event "British Chess Championships 2023: U10 Championship"]
[Site "De Montfort University, 20 Western Boulevard, Leicester, LE2 7BU"]
[Date "2023.07.28"]
[Round "6"]
[Board "9"]
[White "Parikh, Aadhya"]
[Black "Saharkar, Sharvari"]
[Result "0-1"]
[WhiteElo "794"]
[BlackElo "1420"]
[PlyCount "0"]
[EventDate "2023.07.25"]
[EventRounds "7"]
[EventCountry "ENG"]

1. e4 e5 2. Nf3 Nc6 3. Nc3 Nf6 4. Bb5 a6 5. Bxc6 dxc6 6. Nxe5 Bc5 7. Nf3 Qe7 8. d3
Nd5 9. O-O Nxc3 10. bxc3 Bd7 11. Be3 Bxe3 12. fxe3 O-O-O 13. Rb1 g5 14. h3 h5 15.
Nh2 Rh6 16. Qf3 Rf8 17. d4 Qe6 18. d5 cxd5 19. exd5 Qd6 20. e4 g4 21. hxg4 hxg4 22.
Qf4 Qc5+ 23. Rf2 Qxc3 24. Qxh6 Rd8 25. Qd2 Qg7 26. Qb4 b6 27. g3 Rh8 28. Qc4 Bb5
29. Qb4 Qe5 30. Nxg4 Qxg3+ 31. Rg2 Qh3 32. c4 Bd7 33. Nf2 Qf3 34. Qb2 f6 35. c5 b5
36. c6 Be8 37. Qb3 Qh5 38. Rh2 Qxh2+ 39. Kf1 Bh5 40. Qh3+ Bg4 41. Qxg4+ Kb8 42. Qg7
Ka7 43. Nh1 Qxh1+ 44. Kf2 Rh2+ 45. Ke3 Rh3+ 46. Kf4 Qf3#  0-1

[Event "British Chess Championships 2023: U10 Championship"]
[Site "De Montfort University, 20 Western Boulevard, Leicester, LE2 7BU"]
[Date "2023.07.28"]
[Round "6"]
[Board "10"]
[White "Horwood, Alexander"]
[Black "Nguyen, Lam Vy Le"]
[Result "0-1"]
[WhiteElo "1442"]
[BlackElo "1244"]
[PlyCount "0"]
[EventDate "2023.07.25"]
[EventRounds "7"]
[EventCountry "ENG"]

1. e4 e5 2. Nf3 Nc6 3. d4 exd4 4. Nxd4 Bc5 5. Nb3 Bb6 6. Nc3 h6 7. Qe2 d6 8. Be3
Bxe3 9. Qxe3 Nf6 10. O-O-O a6 11. Nd5 Be6 12. f3 Bxd5 13. exd5+ Ne7 14. g4 Qd7 15.
Bh3 Nh7 16. f4 g5 17. f5 O-O-O 18. Qa7 Qb5 19. Bf1 Qb6 20. Qxb6 cxb6 21. Bg2 Nf6
22. h3 h5 23. Bf3 hxg4 24. hxg4 Rxh1 25. Rxh1 Nexd5 26. Bxd5 Nxd5 27. Rh7 Rf8 28.
Kd2 Nf6 29. Rh6 Nxg4 30. Rxd6 Rd8 31. Rxd8+ Kxd8 32. Ke2 f6 33. Kf3 Nh6 34. Nd4 Ke7
35. c3 Kd6 36. Ke4 Ng4 37. b4 Nf2+ 38. Ke3 Nd1+ 39. Kd2 Nb2 40. Kc2 Na4 41. Kb3 b5
42. c4 Ke5 43. Nf3+ Kxf5 44. Nd4+ Ke4 45. Ne2 Ke3 46. Ng3 Nb6 47. c5 Kf3 48. Nf5
g4 49. cxb6 g3 50. Nxg3 Kxg3 51. a4 f5 52. axb5 axb5 53. Kc3 f4 54. Kd3 f3  0-1

[Event "British Chess Championships 2023: U10 Championship"]
[Site "De Montfort University, 20 Western Boulevard, Leicester, LE2 7BU"]
[Date "2023.07.28"]
[Round "6"]
[Board "11"]
[White "Bedford, Rudi"]
[Black "Anjulan, Ashwin"]
[Result "0-1"]
[WhiteElo "1089"]
[BlackElo "1466"]
[PlyCount "0"]
[EventDate "2023.07.25"]
[EventRounds "7"]
[EventCountry "ENG"]

1. e4 e6 2. d4 d5 3. e5 c5 4. c3 Nc6 5. Nf3 Qb6 6. Bd3 Bd7 7. Bc2 cxd4 8. cxd4 Nge7
9. O-O Nb4 10. Bd2 Nxc2 11. Qxc2 Ng6 12. Nc3 Be7 13. Rac1 Rc8 14. a3 O-O 15. Rfd1
Rfe8 16. Be3 Bb5 17. Qb3 Bc4 18. Qxb6 axb6 19. Nd2 h6 20. b3 Bxa3 21. Ra1 Bb2 22.
Rab1 Bxc3 23. bxc4 dxc4 24. Rxb6 Bxd2 25. Rxd2 Rc7 26. Rc2 Ne7 27. Rb4 Rec8 28. Kf1
Nd5 29. Rbb2 Rb8 30. Bd2 c3  0-1

[Event "British Chess Championships 2023: U10 Championship"]
[Site "De Montfort University, 20 Western Boulevard, Leicester, LE2 7BU"]
[Date "2023.07.28"]
[Round "6"]
[Board "12"]
[White "Pitel, Dominik"]
[Black "Sriram, Gautam"]
[Result "0-1"]
[WhiteElo "1413"]
[BlackElo "1305"]
[PlyCount "0"]
[EventDate "2023.07.25"]
[EventRounds "7"]
[EventCountry "ENG"]

1. d4 Nf6 2. c4 e6 3. Nc3 d5 4. Bg5 Nbd7 5. cxd5 exd5 6. Nxd5 Be7 7. Nxe7 Qxe7 8.
Nf3 O-O 9. e3 b6 10. Bd3 Bb7 11. O-O c5 12. Re1 Qd6 13. dxc5 Qxc5 14. Rc1 Qa5 15.
a3 Bxf3 16. Qxf3 Qxg5 17. Qh3 Qe5 18. b4 Rac8 19. Rcd1 Nb8 20. f4 Qe7 21. e4 h6 22.
Qh4 Rfe8 23. Bb5 Nc6 24. e5 Nd7 25. Qg4 Ndb8 26. f5 Qb7 27. f6 g6 28. Bc4 Kh7 29.
Bd5 b5 30. Bxc6 Nxc6 31. Kf1 Rxe5 32. Rd7 Rc7 33. Rd2 Rf5+ 34. Ke2 Rxf6 35. Kd1 Qa6
36. Re3 Qa4+ 37. Ke2 a5 38. Rh3 Re7+ 39. Re3 Rxe3+ 40. Kxe3 Qxa3+ 41. Rd3 Re6+ 42.
Kd2 Qxb4+ 43. Qxb4 Nxb4 44. Rd5 Nxd5 45. Kd3 a4 46. Kc2 Ra6 47. Kb1 a3 48. g4 b4
49. g5 a2+ 50. Ka1 b3 51. h4 b2+ 52. Kxb2 a1=Q+ 53. Kb3 Rc6 54. gxh6 Qb1+ 55. Ka4
Ra6#  0-1

[Event "British Chess Championships 2023: U10 Championship"]
[Site "De Montfort University, 20 Western Boulevard, Leicester, LE2 7BU"]
[Date "2023.07.28"]
[Round "6"]
[Board "13"]
[White "Sewart, Daniel"]
[Black "Pugaciauskas, Dominic"]
[Result "0-1"]
[WhiteElo "1374"]
[BlackElo "1077"]
[PlyCount "0"]
[EventDate "2023.07.25"]
[EventRounds "7"]
[EventCountry "ENG"]

1. e4 c6 2. Nf3 d5 3. d3 dxe4 4. Ng5 exd3 5. Bxd3 Nd7 6. Nxh7 Ne5 7. Ng5 Nxd3+ 8.
Qxd3 Qxd3 9. cxd3 Bf5 10. d4 Rd8 11. Be3 Nf6 12. O-O e6 13. Nc3 Bd6 14. h3 Nd5 15.
Nxd5 cxd5 16. Rac1 f6 17. Nf3 Ke7 18. a3 Rh7 19. Rfd1 Rdh8 20. Kf1 Be4 21. Nd2 Bd3+
22. Ke1 g5 23. Nb3 Bb5 24. Nc5 b6 25. Nd3 Rd8 26. Rc3 Rhh8 27. Kd2 Rc8 28. Rdc1 Rc4
29. f4 Rxc3 30. Rxc3 Bxd3 31. Kxd3 Bxf4 32. Bxf4 gxf4 33. Rc7+ Kd6 34. Rxa7 e5 35.
Rf7 Rh6 36. Rg7 f3 37. gxf3 Rxh3 38. dxe5+ fxe5 39. Rg6+ Kc5 40. Rf6 e4+ 41. Ke3
Rxf3+ 42. Rxf3 exf3 43. Kxf3 Kc4 44. Ke3 d4+ 45. Ke4 b5 46. b3+ Kxb3 47. Kxd4 Kxa3
48. Kc3 b4  0-1

[Event "British Chess Championships 2023: U10 Championship"]
[Site "De Montfort University, 20 Western Boulevard, Leicester, LE2 7BU"]
[Date "2023.07.28"]
[Round "6"]
[Board "14"]
[White "Hill, Callum"]
[Black "Bednaya, Julia"]
[Result "1-0"]
[WhiteElo "1150"]
[BlackElo "1008"]
[PlyCount "0"]
[EventDate "2023.07.25"]
[EventRounds "7"]
[EventCountry "ENG"]

1. e4 e5 2. Nf3 Nc6 3. d4 exd4 4. Bc4 Nf6 5. O-O h6 6. c3 d6 7. h3 g6 8. cxd4 Bg7
9. Nc3 O-O 10. Be3 Na5 11. Bd3 Nc6 12. Qd2 Kh7 13. d5 Ne5 14. Nxe5 dxe5 15. f4 exf4
16. Rxf4 Kg8 17. Rf2 Qe7 18. Bxh6 Qc5 19. Be3 Qd6 20. Re1 Kh7 21. Bd4 Nd7 22. Nb5
Qe7 23. Bxg7 Kxg7 24. Nxc7 Rb8 25. Qc3+ Qe5 26. Qxe5+ Nxe5 27. Bc2 Bd7 28. b3 Rbc8
29. d6 f5 30. exf5 Bxf5 31. Bxf5 gxf5 32. Rxe5  1-0

[Event "British Chess Championships 2023: U10 Championship"]
[Site "De Montfort University, 20 Western Boulevard, Leicester, LE2 7BU"]
[Date "2023.07.28"]
[Round "6"]
[Board "16"]
[White "Marsden, Oscar"]
[Black "Qin, Charlie"]
[Result "0-1"]
[WhiteElo "1307"]
[BlackElo "909"]
[PlyCount "0"]
[EventDate "2023.07.25"]
[EventRounds "7"]
[EventCountry "ENG"]

1. d4 Nf6 2. Bf4 g6 3. Nf3 Bg7 4. e3 d6 5. Bd3 Nc6 6. Nc3 a6 7. O-O O-O 8. Re1 Re8
9. Qd2 e5 10. Bg3 e4 11. d5 Nb4 12. Nxe4 Nxe4 13. Qxb4 Nxg3 14. fxg3 b6 15. Qf4 Bxb2
16. Rab1 Be5 17. Nxe5 dxe5 18. Qf3 f5 19. e4 fxe4 20. Bxe4 Rf8 21. Qb3 Bb7 22. d6+
Kh8 23. Bxb7 Rb8 24. Bxa6 Qxd6 25. Qc3 Ra8 26. Bc4 Qc5+  0-1

[Event "British Chess Championships 2023: U10 Championship"]
[Site "De Montfort University, 20 Western Boulevard, Leicester, LE2 7BU"]
[Date "2023.07.28"]
[Round "6"]
[Board "17"]
[White "Wen, Max"]
[Black "Edwards, Laurence"]
[Result "1/2-1/2"]
[WhiteElo "890"]
[BlackElo "1263"]
[PlyCount "0"]
[EventDate "2023.07.25"]
[EventRounds "7"]
[EventCountry "ENG"]

1. e4 d5 2. exd5 Nf6 3. Nc3 Nxd5 4. Nf3 Bg4 5. Be2 Nxc3 6. bxc3 e6 7. O-O Bxf3 8.
Bxf3 Bd6 9. Bxb7 Qh4 10. h3 Qf4 11. Re1 Qh2+ 12. Kf1 c6 13. Bxa8 Qh1+ 14. Ke2 Qxg2
15. d4 Qxh3 16. c4 Qh5+ 17. Kf1 Qh3+ 18. Ke2 Qh5+ 19. Kf1 Qh3+ 20. Ke2 Qh5+ 21. Kf1
Qh3+ 22. Ke2 Qh5+  1/2-1/2

[Event "British Chess Championships 2023: U10 Championship"]
[Site "De Montfort University, 20 Western Boulevard, Leicester, LE2 7BU"]
[Date "2023.07.28"]
[Round "6"]
[Board "18"]
[White "Rao, Saachi"]
[Black "Tang, Ayanna"]
[Result "1-0"]
[WhiteElo "870"]
[BlackElo "575"]
[PlyCount "0"]
[EventDate "2023.07.25"]
[EventRounds "7"]
[EventCountry "ENG"]

1. e4 e5 2. Nf3 Nc6 3. Bc4 Bc5 4. c3 Nf6 5. d3 d6 6. O-O O-O 7. Be3 Bxe3 8. fxe3
Bg4 9. h3 Bxf3 10. Rxf3 Re8 11. Qb3 Na5 12. Qb4 Nxc4 13. dxc4 Nxe4 14. Qxb7 Nc5 15.
Qd5 Qd7 16. Na3 Qe6 17. Qd2 Ne4 18. Qc2 Ng5 19. Rg3 h6 20. Nb5 Reb8 21. Nxc7 Qd7
22. Nxa8 Rxa8 23. Rd1 Rc8 24. b3 Qc6 25. Qe2 Ne4 26. Rf3 Nxc3 27. Qd2 Nxd1 28. Qxd1
a6 29. Rg3 Qc5 30. Qg4 g6 31. b4 Qxb4 32. Qxc8+ Kg7 33. Qxa6 Qb1+ 34. Kh2 Qb4 35.
Rf3 Qc5 36. Qb7 h5 37. Qxf7+ Kh6 38. Rf1 Qxe3 39. a4 Qb3 40. a5 Qa3 41. Qa7 Qb4 42.
Ra1 e4 43. Qd4 Qb7 44. a6 Qa8 45. a7 g5 46. Qxd6+ g4 47. Qb8 Qc6 48. a8=Q Qxa8 49.
Qxa8 e3 50. Qd5 e2 51. Ra6+ Kg7 52. Qd7+ Kf8 53. Ra8#  1-0

[Event "British Chess Championships 2023: U10 Championship"]
[Site "De Montfort University, 20 Western Boulevard, Leicester, LE2 7BU"]
[Date "2023.07.28"]
[Round "6"]
[Board "19"]
[White "Gopikrishna, Ashwin"]
[Black "Jha, Advay"]
[Result "1-0"]
[WhiteElo "881"]
[BlackElo "1328"]
[PlyCount "0"]
[EventDate "2023.07.25"]
[EventRounds "7"]
[EventCountry "ENG"]

1. e4 e5 2. Nc3 Nf6 3. f4 d5 4. fxe5 Nxe4 5. Nf3 Bg4 6. d4 Nxc3 7. bxc3 Nc6 8. Bd3
Be7 9. O-O h6 10. h3 Bxf3 11. Qxf3 O-O 12. Qf5 g6 13. Qg4 h5 14. Qf3 Na5 15. Bh6
Re8 16. Qxf7+ Kh8 17. Qg7#  1-0

[Event "British Chess Championships 2023: U10 Championship"]
[Site "De Montfort University, 20 Western Boulevard, Leicester, LE2 7BU"]
[Date "2023.07.28"]
[Round "6"]
[Board "20"]
[White "Ahmad, Layth"]
[Black "Ragam, Aaryan"]
[Result "0-1"]
[WhiteElo "920"]
[BlackElo "1041"]
[PlyCount "0"]
[EventDate "2023.07.25"]
[EventRounds "7"]
[EventCountry "ENG"]

1. e4 c6 2. d4 d5 3. Nc3 dxe4 4. Nxe4 Bf5 5. Ng3 Bd7 6. Bc4 Nf6 7. Bf4 e6 8. N1e2
Qb6 9. c3 Qxb2 10. Rb1 Qa3 11. Rxb7 Be7 12. Bxb8 O-O 13. Qb1 Rc8 14. Be5 Rd8 15.
Rb3 Qa4 16. Bd3 h6 17. Rb8 Ng4 18. Bc7 Rc8 19. Bh7+ Kh8 20. Qb7 Raxb8 21. Bxb8 c5
22. Bd3 Qc6 23. Be4 Qxb7 24. Bxb7 Rxb8 25. Be4 Bb5 26. f3 Nf6 27. Kd2 Bxe2 28. Kxe2
Rb2+ 29. Kd1 Rxa2 30. Bb1 Rxg2 31. Bc2 cxd4 32. cxd4 Bb4 33. Kc1 Rf2 34. Kb2 Rxf3
35. Ra1 Bc3+ 36. Ka2 Bxa1 37. Kxa1 Rf2 38. Kb2 Rxh2 39. Kc3 Rh3 40. Kc4 Rxg3 41.
Kc5 Rc3+ 42. Kd6 Rxc2 43. Ke7 g5 44. Kxf7 g4 45. Kxf6 g3 46. Kxe6 g2 47. d5 g1=Q
48. d6 Rd2 49. Kf6 Rxd6+ 50. Kf5 Qc5+ 51. Kf4 Rd4+ 52. Ke3 Qc3+ 53. Ke2 Rd2+ 54.
Kf1 Qc1#  0-1

[Event "British Chess Championships 2023: U10 Championship"]
[Site "De Montfort University, 20 Western Boulevard, Leicester, LE2 7BU"]
[Date "2023.07.28"]
[Round "6"]
[Board "21"]
[White "Patel, Parisa"]
[Black "Babu, Rohan"]
[Result "0-1"]
[WhiteElo "873"]
[BlackElo "1087"]
[PlyCount "0"]
[EventDate "2023.07.25"]
[EventRounds "7"]
[EventCountry "ENG"]

1. e4 e5 2. Nf3 Nc6 3. Bc4 Bc5 4. d3 Nf6 5. O-O d6 6. h3 Be6 7. Bb3 Qd7 8. Nc3 O-O-O
9. Be3 Bxe3 10. fxe3 h5 11. d4 Bxh3 12. gxh3 Qxh3 13. Kf2 Ng4+ 14. Ke2 Qg2+ 15. Ke1
Nxe3 16. Rg1 Qxg1+ 17. Nxg1 Nxd1 18. Rxd1 exd4 19. Nce2 Rde8 20. Bxf7 Rxe4 21. Bd5
Re3 22. Bxc6 bxc6 23. Rxd4 g5 24. Kf2 Re5 25. Ra4 Kb8 26. Nf3 Rf5 27. Ng3 Rf6 28.
Kg2 Rg6 29. Rc4 h4 30. Ne2 g4 31. Nh2 g3 32. Ng4 h3+ 33. Kxg3 h2 34. Nf4 h1=Q 35.
Nxg6 Rh3+ 36. Kf4 Rf3+ 37. Kg5 Qc1+ 38. Kh5 Rf5+ 39. Kh4 Kc8 40. Kh3 Qe1 41. Kh2
Rf3 42. Kg2 Qf1+ 43. Kh2 Rh3#  0-1